000
00256nam a2200097Ia 4500
008
220216s9999 xx 000 0 und d
245
0
_a
EPDM : a significant competitor
260
_b
IRRDB Information Quarterly 1996 Part 4. p1
650
_a
EPDM
942
_c
JS
999
_c
58697
_d
58697